00451ntaaa2200169 45000030003000000050017000030080021000200400037000410820017000781000019000952450031001142500010001452600055001553000010002105000039002206500022002590120251027202347.00714s1973 ag 01  aAR-BaBNbspacAR-BaBNeaacrdRIC a301.1520 H38 aHendrix, John  aConstituyéndose en grupo a1 ed. aEl Paso : bCasa Bautista de Publicaciones, c1972 a110 p aLa biblioteca lo posee en inglés agrupos-dinámica